Datum a čas kvízu
22.5
Celkem bodů
Celkový počet nahraných bodů na tomto kvízu bez doplňovacích otázek.
7.
Pořadí na kvízu
Konečné umístění týmu na tomto kvízu.
Zaznamenané odpovědi
| # | Otázka | Odpověď | Body | Výsledky |
|---|---|---|---|---|
| 1. | Která sedmipodlažní budova obc... | Kotva | 0 | |
| 2. | Na poslední chvíli se přihlási... | Igor Matovič | 1 | |
| 3. | Cenu Czech Press Photo za rok... | D) v budově soudu | 1 | |
| 4. | Minulý týden byl spuštěn elekt... | DiPSy | 0 | |
| 5. | Trenér Jaroslav Šilhavý po ned... | Omán | 0 | |
| 6. | Ve třetím díle cestovatelského... | z Janských Lázní | 1 | |
| 7. | Stále větší oblibě cestovatelů... | portugalština | 0 | |
| 8. | Ve kterém americkém městě může... | v Los Angeles | 1 | |
| 9. | S písmenem M se vracíme do Čes... | v Mníšku pod Brdy | 0 | |
| 10. | Ve kterém století byl vybudová... | v 19. století | 0 |